[Event "GER-ch U16 Girls"]
[Site "Willingen"]
[Date "2005.05.14"]
[Round "1"]
[White "Laake, Jasmin Maria"]
[Black "Czygan, Dana"]
[Result "1-0"]
[WhiteElo "1941"]
[BlackElo "1603"]
[PlyCount "157"]
[EventDate "2005.05.14"]
[EventType "swiss"]
[EventRounds "9"]
[EventCountry "GER"]
[SourceTitle "CBM 106 Extra"]
[Source "ChessBase"]
[SourceDate "2005.07.01"]
[SourceVersion "1"]
[SourceVersionDate "2005.07.01"]
[SourceQuality "1"]

1. e4 c5 2. Nf3 d6 3. d4 cxd4 4. Nxd4 Nf6 5. Nc3 a6 6. Be3 e5 7. Nb3 Be6 8. f3 Be7 9. g4 0-0 10. Qd2 Nbd7 11. g5 Nh5 12. 0-0-0 b5 13. Kb1 b4 14. Nd5 Bxd5 15. exd5 a5 16. Bh3 Nb6 17. Qg2 Nc4 18. Bc1 a4 19. Na1 Qa5 20. Qg4 Na3+ 21. bxa3 bxa3 22. Bd2 Rfb8+ 23. Nb3 Qc5 24. Qe4 axb3 25. cxb3 Qf2 26. Qe3 Qh4 27. Bd7 Nf4 28. Bc6 Ra6 29. Qd4 Qf2 30. Qc4 Rab6 31. Qc3 Ne2 32. Qd3 Nf4 33. Qc3 Ne2 34. Qd3 Nf4 35. Qe3 Qxe3 36. Bxe3 Rb4 37. h4 Ne2 38. Rd3 Ng3 39. Rh3 Nf5 40. Bf2 Rf4 41. Bd7 g6 42. Bxf5 Rxf5 43. Be3 f6 44. Rg3 fxg5 45. hxg5 Rb4 46. Bc1 Rd4 47. Kc2 Rh4 48. Bxa3 Rh2+ 49. Rd2 Rxd2+ 50. Kxd2 Bxg5+ 51. Kd3 Be7 52. Bc1 Rf8 53. Bd2 Ra8 54. a4 Bd8 55. Bb4 Bc7 56. Rg1 Kf7 57. Rc1 Ra7 58. Ra1 Ke7 59. Kc4 Ra8 60. a5 Bb8 61. Bd2 Ba7 62. b4 Kd7 63. Kb5 Bd4 64. Rc1 Rf8 65. Rf1 e4 66. Kc4 Ba7 67. Rh1 exf3 68. Rxh7+ Ke8 69. Rh1 f2 70. Rf1 Rf3 71. b5 Kd7 72. b6 Bb8 73. a6 Kc8 74. Kb5 Rb3+ 75. Bb4 Rb2 76. Rc1+ Kd7 77. a7 Rc2 78. axb8Q Rxc1 79. Qxd6+ 1-0

[Event "NRW-ch U16/18 Girls"]
[Site "Kranenburg"]
[Date "2005.04.02"]
[Round "7"]
[White "Wirths, Clara"]
[Black "Czygan, Dana"]
[Result "1/2-1/2"]
[WhiteElo "1783"]
[BlackElo "1350"]
[PlyCount "66"]
[EventDate "2005.03.28"]
[EventType "swiss"]
[EventRounds "7"]
[EventCountry "GER"]
[SourceTitle "CBM 105 Extra"]
[Source "ChessBase"]
[SourceDate "2005.05.01"]
[SourceVersion "1"]
[SourceVersionDate "2005.05.01"]
[SourceQuality "1"]

1. f4 Nf6 2. Nf3 g6 3. e3 Bg7 4. Be2 d5 5. 0-0 c5 6. d3 Nbd7 7. Nbd2 Qc7 8. c4 0-0 9. Ng5 e5 10. f5 Qd6 11. e4 dxe4 12. dxe4 Nb6 13. a4 a5 14. Ra3 Bd7 15. Rd3 Qe7 16. b3 Rad8 17. Qe1 h6 18. Nh3 Bc6 19. Qh4 Rxd3 20. Bxd3 Qd6 21. Qg3 Rd8 22. Nf2 Nh5 23. Qe3 Nf4 24. Bc2 Qd4 25. Nf3 Qxe3 26. Bxe3 Ne2+ 27. Kh1 Nd4 28. Bxd4 cxd4 29. fxg6 fxg6 30. Re1 Nd7 31. Nd3 b6 32. Kg1 Re8 33. Re2 Nc5 1/2-1/2

[Event "NRW-ch U14 Girls"]
[Site "Kranenburg"]
[Date "2003.04.26"]
[Round "7"]
[White "Karmann, Anna"]
[Black "Czygan, Dana"]
[Result "1/2-1/2"]
[WhiteElo "1319"]
[BlackElo "1236"]
[PlyCount "29"]
[EventDate "2003.04.??"]
[EventType "swiss"]
[EventRounds "7"]
[EventCountry "GER"]
[SourceTitle "EXT 2005"]
[Source "ChessBase"]
[SourceDate "2004.11.15"]
[SourceVersion "1"]
[SourceVersionDate "2004.11.15"]
[SourceQuality "1"]

1. e4 e6 2. d4 d5 3. exd5 exd5 4. Bd3 Bd6 5. Ne2 Ne7 6. Bf4 Be6 7. Nd2 Nbc6 8. c3 Qd7 9. Bc2 a6 10. Bxd6 Qxd6 11. Nf3 h6 12. Ng3 g6 13. Qe2 0-0-0 14. 0-0 f5 15. Rfe1 1/2-1/2